Priebeh dôkazného konania pred obcou, ktorá je správcom dane

Činnosťou miest a obcí sú nielen samosprávne úlohy, ale aj správa daní a poplatkov v rámci daňového konania. Právna úprava v zákone č. 563/2009 Z.z. o správe daní (daňový poriadok) a o zmene a doplnení niektorých zákonov v z.n.p.

Enregistré dans:
Détails bibliographiques
Auteur principal: Hrtánek, Ladislav
Format: Chapitre de livre
Langue:slovaque
Sujets:
Tags: Ajouter un tag
Pas de tags, Soyez le premier à ajouter un tag!

MARC

LEADER 00000naa a2200000 4500
001 0243634
005 20180528094546.9
041 0 |a slo 
044 |a SK 
245 1 0 |a Priebeh dôkazného konania pred obcou, ktorá je správcom dane  |c Ladislav Hrtánek 
520 |a Činnosťou miest a obcí sú nielen samosprávne úlohy, ale aj správa daní a poplatkov v rámci daňového konania. Právna úprava v zákone č. 563/2009 Z.z. o správe daní (daňový poriadok) a o zmene a doplnení niektorých zákonov v z.n.p. 
610 2 0 |a samospráva 
610 2 0 |a dane miestne 
610 2 0 |a konanie daňové 
610 2 0 |a zákony 
610 2 0 |a úpravy právne 
610 2 0 |a novelizácia 
100 1 |a Hrtánek, Ladislav